Outlines of Muhammadan Law (Record no. 4269)

MARC details
000 -LEADER
fixed length control field 00584nam a2200241 a 4500
020 ## - INTERNATIONAL STANDARD BOOK NUMBER
ISBN
082 00 - DEWEY DECIMAL CLASSIFICATION NUMBER
Classification number 340.59
Author Cutter FYZ
100 ## - MAIN ENTRY--AUTHOR NAME
Author name Fyzee, Asaf A A
245 ## - TITLE STATEMENT
Title Outlines of Muhammadan Law
260 ## - PUBLICATION, DISTRIBUTION, ETC. (IMPRINT)
Place of publication Delhi
Name of publisher Oxford University Press
Year of publication 1974
300 ## - PHYSICAL DESCRIPTION
Number of Pages 520p
500 ## - GENERAL NOTE
General note includes index and biblioraphy
505 2# - FORMATTED CONTENTS NOTE
Formatted contents note Index of subjects
650 ## - SUBJECT ADDED ENTRY--TOPICAL TERM
Topical Term Islamic-Law
942 ## - ADDED ENTRY ELEMENTS (KOHA)
Koha item type Books
700 1# -
-- Fyzee, Asaf A A
Holdings
Home library Current library Date acquired Cost, normal purchase price Full call number Accession Number Koha item type
Henry Martyn Institute Library Henry Martyn Institute Library 04/04/2018 37.00 340.59 FYZ C.1 07679 E-Books
Henry Martyn Institute Library Henry Martyn Institute Library 04/04/2018 37.00 340.59 FYZ C.2 09048 Books
Henry Martyn Institute Library Henry Martyn Institute Library 07/24/2019 325.00 340.59 FYZ C.3 019772 Books
                   Copyright © 2026 | Henry Martyn Institute | Hyderabad | TS-500052 | INDIA | Implemented by hmi.edu.in
Hit-Count:

Powered by Koha